00735nam a2200205 a 450000100060000000300090000600800410001502000150005604000280007108200160009910000310011524500380014626000550018430000100023949000830024950000210033265000610035365000340041465000810044810444CO-ViMGA141112s2004 ck r 000 u spa d a9586430502 aCO-ViMGAbspacCO-ViMGA04a986.104 E431 aLee Lopez ; Fray Alberto, 10aLos Ejercitos del Rey 1818 - 1819 aBogotá : bPresidencia de la República, c1989 a366p. aBiblioteca de la presidencia de la República Administración Virgilio Barco aVolumen 1 y 2. 14aCOLOMBIA - HISTORIA - CAMAPAÑA LIBERTADORA 1818 - 181914aCOLOMBIA - HISTORIA - FUENTES14aSANTANDER FRANCISCO DE PAULA 1792 - 1840 - CAMPAÑA LIBERTADORA 1810 - 1824